[Event "ROM-ch U10 Boys"]
[Site "Voineasa"]
[Date "2008.04.15"]
[Round "5"]
[White "Lupascu, Alin Mihnea"]
[Black "Cimpean, Dorin Ionel"]
[Result "0-1"]
[WhiteElo "401"]
[BlackElo "437"]
[PlyCount "51"]
[EventDate "2008.04.08"]
[EventType "swiss"]
[EventRounds "9"]
[EventCountry "ROU"]
[SourceTitle "EXT 2013"]
[Source "ChessBase"]
[SourceDate "2012.11.22"]
[SourceVersion "1"]
[SourceVersionDate "2012.11.22"]
[SourceQuality "1"]

1. e4 e5 2. Bc4 Bc5 3. Nf3 Nc6 4. 0-0 Nf6 5. Nc3 0-0 6. d3 d6 7. Bg5 h6 8. Bxf6 Qxf6 9. Nd5 Qd8 10. h3 Ne7 11. Nxe7+ Qxe7 12. Qd2 Be6 13. Bxe6 Qxe6 14. b4 Bb6 15. a4 a5 16. bxa5 Bxa5 17. Qc1 b6 18. d4 Bc3 19. Qa3 Bxa1 20. Qxa1 exd4 21. Nxd4 Qxe4 22. c3 c5 23. Re1 Qb7 24. Nb5 Qa6 25. Nxd6 Rfd8 26. Nf5 0-1

[Event "ROM-ch U10 Boys"]
[Site "Voineasa"]
[Date "2008.04.15"]
[Round "6"]
[White "Patrana, Andrei"]
[Black "Lupascu, Alin Mihnea"]
[Result "1-0"]
[WhiteElo "500"]
[BlackElo "401"]
[PlyCount "77"]
[EventDate "2008.04.08"]
[EventType "swiss"]
[EventRounds "9"]
[EventCountry "ROU"]
[SourceTitle "EXT 2013"]
[Source "ChessBase"]
[SourceDate "2012.11.22"]
[SourceVersion "1"]
[SourceVersionDate "2012.11.22"]
[SourceQuality "1"]

1. e4 e5 2. Nf3 Bc5 3. Bc4 Nf6 4. Nxe5 0-0 5. Nc3 Qe7 6. Nf3 Nxe4 7. 0-0 Nxc3 8. dxc3 Nc6 9. Bg5 Qe8 10. Re1 Ne7 11. Bxe7 Bxe7 12. Qe2 d6 13. Qxe7 Qxe7 14. Rxe7 Bg4 15. Re3 h6 16. h3 Bxf3 17. Rxf3 a6 18. Bd5 c6 19. Bb3 d5 20. Re1 a5 21. a4 b5 22. Re7 bxa4 23. Bxa4 c5 24. Rd7 Rab8 25. b3 c4 26. Rxd5 cxb3 27. Bxb3 Rbd8 28. Rxd8 Rxd8 29. Bxf7+ Kh8 30. Bb3 Ra8 31. Rf4 Kh7 32. Ra4 Kg6 33. Bd5 Ra7 34. c4 Kf6 35. c5 Ke7 36. c6 Kd8 37. f4 Kc8 38. g4 Kb8 39. Kf2 1-0